Keeping track (Record no. 117523)
[ view plain ]
| 000 -LEADER | |
|---|---|
| fixed length control field | 01209cam a2200217 4500 |
| 001 - CONTROL NUMBER | |
| control field | ABS@61468 |
| 008 - FIXED-LENGTH DATA ELEMENTS--GENERAL INFORMATION | |
| fixed length control field | 040616n2004 000 0 eng u |
| 035 ## - SYSTEM CONTROL NUMBER | |
| System control number | (Sirsi) u126486 |
| 100 ## - MAIN ENTRY--PERSONAL NAME | |
| Personal name | Bassi, R. |
| 245 ## - TITLE STATEMENT | |
| Title | Keeping track |
| 260 ## - PUBLICATION, DISTRIBUTION, ETC. | |
| Date of publication, distribution, etc. | 2004 |
| 490 ## - SERIES STATEMENT | |
| Series statement | Construction Products |
| Volume/sequential designation | April/May 2004, 13-16(4) |
| 520 ## - SUMMARY, ETC. | |
| Summary, etc. | Discusses the benefits of e-tagging in the construction industry. Radio Frequency Identification means a small electronic tag is embedded into a component or pallet, which can communicate with a reader. The reader can then identify where a component is and its status. The system can be used to track installation, prevent dispute resolution, asset management, maintenance of building services systems and deconstruction of buildings. Four case studies are given as examples of use and a table outlines the benefits of the technology and its applications. Further information on the developmental projects can be obtained from t +44 (0)1923 664448 or [email protected]. |
| 590 ## - LOCAL NOTE (RLIN) | |
| Local note | ABS |
| 590 ## - LOCAL NOTE (RLIN) | |
| Local note | ABS |
| 650 ## - SUBJECT ADDED ENTRY--TOPICAL TERM | |
| Topical term or geographic name entry element | E-TAGGING |
| 650 ## - SUBJECT ADDED ENTRY--TOPICAL TERM | |
| Topical term or geographic name entry element | BUILDING COMPONENTS |
| 650 ## - SUBJECT ADDED ENTRY--TOPICAL TERM | |
| Topical term or geographic name entry element | ASSET MANAGEMENT |
| 690 ## - LOCAL SUBJECT ADDED ENTRY--TOPICAL TERM (OCLC, RLIN) | |
| Topical term or geographic name as entry element | BUILDING AND CONSTRUCTION-MATERIALS AND PRODUCTS |
| 942 ## - ADDED ENTRY ELEMENTS (KOHA) | |
| Suppress in OPAC | 0 |
| Withdrawn status | Lost status | Source of classification or shelving scheme | Damaged status | Not for loan | Home library | Current library | Shelving location | Date acquired | Total Checkouts | Full call number | Barcode | Date last seen | Copy number | Price effective from | Koha item type |
|---|---|---|---|---|---|---|---|---|---|---|---|---|---|---|---|
| Dewey Decimal Classification | London | London | Journal article | 16/06/2004 | X126486 | 126486-1001 | 06/08/2019 | 1 | 06/08/2019 | Journal article |